Kultúrafogyasztás Budaörsön - a helyi kulturális intézmények szerepe és látogatottsága
| Szerző: | |
|---|---|
| További közreműködők: | |
| Dokumentumtípus: | Diplomadolgozat |
| Kulcsszavak: | Budaörs közösségépítés kulturális együttműködés kulturális intézmények kultúrafogyasztás település marketing |
| Online Access: | http://dolgozattar.uni-bge.hu/60054 |
MARC
| LEADER | 00000nta a2200000 i 4500 | ||
|---|---|---|---|
| 001 | dolg60054 | ||
| 005 | 20260409145927.0 | ||
| 008 | 260409suuuu hu om 000 hun d | ||
| 040 | |a BGE Dolgozattár Repozitórium |b hun | ||
| 041 | |a hu | ||
| 100 | 1 | |a Sztasák Zsófia | |
| 245 | 1 | 0 | |a Kultúrafogyasztás Budaörsön - a helyi kulturális intézmények szerepe és látogatottsága |c Sztasák Zsófia |h [elektronikus dokumentum] |
| 520 | 3 | |a Szakdolgozatom témája a Budaörsi kultúrafogyasztási szokásokat, a helyi intézményekszerepét és látogatottságát vizsgálja. A téma alapja személyes tapasztalatok által született megés célja átfogó képet adni a budaörsi kulturális életről, feltárni az erősségeket éshiányosságokat, megismerni a különböző korosztályok kultúrafogyasztási szokásait. Valamintmegvizsgálni az intézmények közötti marketingstratégiákat és együttműködéseket.Kvantitatív kutatásom során, kérdőíves felmérést készítettem - a budaörsi lakosok és akörnyező városok lakosai körében, 180 kitöltővel - a kultúrafogyasztási szokásokról és a helyikulturális intézmények ismeretségéről. Kvalitatív kutatásom során félig strukturált interjúkatkészítettem három budaörsi színtér intézmény vezetőjével. Főbb vizsgált területeim közétartozik a marketing stratégiák és kommunikációs eszközök hatékonysága, valamint azintézmények szerepe a közösségépítésben. Ez kívül megfigyeltem a kultúrafogyasztástbefolyásoló tényezőket és motivációkat a kérdőív segítségével. Az eredmények azt mutatták,hogy a budaörsi kulturális intézmények kínálata sokszínű, de kihívást jelent a fiatalabbgenerációk elérése. Ezen kívül a lakosság kultúrafogyasztási szokásait jelentősen befolyásoljaaz online tér, a személyes motivációk és az intézmények marketingkommunikációja. Fontosmegállapítás volt, hogy a kulturális intézmények közötti együttműködés javításakulcsfontosságú a helyi kulturális élet fellendítéséhez. A kutatásom nem reprezentatív, így azeredmények nem általánosíthatók Budaörs teljes lakosságára. | |
| 695 | |a Budaörs | ||
| 695 | |a közösségépítés | ||
| 695 | |a kulturális együttműködés | ||
| 695 | |a kulturális intézmények | ||
| 695 | |a kultúrafogyasztás | ||
| 695 | |a település marketing | ||
| 700 | 1 | |a Czipperer Zsófia Petra |e ths | |
| 856 | 4 | 0 | |u http://dolgozattar.uni-bge.hu/60054/1/K%C3%A9sz%20szakdolgozat.pdf |z Dokumentum-elérés |
| 856 | 4 | 0 | |u http://dolgozattar.uni-bge.hu/60054/2/Sztas%C3%A1k%20Zs%C3%B3fia_b%C3%ADr%C3%A1lat.pdf |z Dokumentum-elérés |
| 856 | 4 | 0 | |u http://dolgozattar.uni-bge.hu/60054/3/Sztas%C3%A1k%20Zs%C3%B3fia%20%20%20%C3%A9rt%C3%A9kel%C3%A9s.pdf |z Dokumentum-elérés |